| 000 | 01009nam a22002057a 4500 | ||
|---|---|---|---|
| 008 | 100309s 200 enk|||||r|||| 001 0 eng d | ||
| 020 | _a9780321263599 | ||
| 082 |
_222 _a005.756 _bPRI |
||
| 100 |
_aPrigmore, Martyn. _912382 |
||
| 245 |
_aAn Introduction to Databases with Web Applications / _cMartyn Prigmore |
||
| 260 |
_aHarlow : _bPearson Prentice Hall, 2008 _c2008. |
||
| 300 |
_axvii, 689 p. : _bill. ; _c25 cm. |
||
| 504 | _aIncludes bibliographical references(p.675-680) and index. | ||
| 650 |
_aWeb databases. _912383 |
||
| 650 |
_aSQL (Computer program language). _912384 |
||
| 650 |
_aDatabase management. _912385 |
||
| 942 |
_2ddc _cNB |
||
| 999 |
_c13614 _d13614 |
||